History Quiz

Random History or Clickable Quiz
Score 0/15 Timer 05:00
3 Plays Today
% Correct
Kennedy, John F.
98.6%
Lincoln, Abraham
96.2%
Reagan, Ronald
82.8%
Ford, Gerald R.
72.3%
Harrison, William H
69.6%
Ford, Gerald R.
63.4%
Garfield, James A.
62.8%
McKinley, William
60.3%
% Correct
Roosevelt, Franklin Delano
56.9%
Roosevelt, Theodore
53.3%
Taylor, Zachary
51.9%
Jackson, Andrew
48.9%
Harding, Warren
47.8%
Roosevelt, Franklin Delano
47%
Truman, Harry
35.2%
Remove Ads.
Support Sporcle.
Get the best of Sporcle when you Go Orange. This ad-free experience offers more features, more stats, and more fun while also helping to support Sporcle. Thank you for becoming a member.

You're not logged in!

Compare scores with friends on all Sporcle quizzes.
OR
Log In

Show Comments

Extras

Top Quizzes Today


Score Distribution

Your Account Isn't Verified!

In order to create a playlist on Sporcle, you need to verify the email address you used during registration. Go to your Sporcle Settings to finish the process.

Report this User

Report this user for behavior that violates our Community Guidelines.

Details: